Tensions in the Middle East (Record no. 187008)
[ view plain ]
| 000 -LEADER | |
|---|---|
| fixed length control field | 00994 a2200169 4500 |
| 003 - CONTROL NUMBER IDENTIFIER | |
| control field | Nust |
| 005 - DATE AND TIME OF LATEST TRANSACTION | |
| control field | 20170207153454.0 |
| 040 ## - CATALOGING SOURCE | |
| Transcribing agency | Nust |
| 082 ## - DEWEY DECIMAL CLASSIFICATION NUMBER | |
| Classification number | 956 |
| 100 ## - MAIN ENTRY--PERSONAL NAME | |
| Personal name | Thayer Philip W |
| 245 ## - TITLE STATEMENT | |
| Title | Tensions in the Middle East |
| 260 ## - PUBLICATION, DISTRIBUTION, ETC. | |
| Place of publication, distribution, etc. | London |
| Name of publisher, distributor, etc. | The Johns Hopkins |
| Date of publication, distribution, etc. | 1958 |
| 505 ## - FORMATTED CONTENTS NOTE | |
| Formatted contents note | The United States and the Middle East (Page-3) Strategic Military Importance of the Middle East (Page-30) The Middle East in World Affairs (page-50) Problems of Arab Political Behavior (Page-68) The Middle East in the World Economy (page-97) Technical Assistance in the Middle East (page-114) Structural Change in Middle East Society (page-140) Recent Developments in slam (Page-165) The Cyprus Problem (page-193) Israel (page-215) Some Legal Aspects of the Suez Situation (page-243) The United nations and The Suez Crisis (page-273) The Prospects of in the Middle East (page-297) Concluding Comments (page-325) |
| 538 ## - SYSTEM DETAILS NOTE | |
| System details note | Almirah No.63 Shelf No.4 |
| 600 ## - SUBJECT ADDED ENTRY--PERSONAL NAME | |
| Personal name | Philip W.Thayer |
| 650 ## - SUBJECT ADDED ENTRY--TOPICAL TERM | |
| Topical term or geographic name entry element | Middle East |
| 942 ## - ADDED ENTRY ELEMENTS (KOHA) | |
| Source of classification or shelving scheme | |
| Koha item type | Book |
| Withdrawn status | Lost status | Source of classification or shelving scheme | Damaged status | Not for loan | Collection code | Permanent Location | Current Location | Date acquired | Total Checkouts | Full call number | Barcode | Date last seen | Price effective from | Koha item type |
|---|---|---|---|---|---|---|---|---|---|---|---|---|---|---|
| Military College of Signals (MCS) | Military College of Signals (MCS) | 12/12/2016 | 956 THA | MCS29477 | 12/08/2016 | 12/12/2016 | Book |
